Rekordmeister europäischer Ligen - Statistiken

Allgemein
  • Dieses Quiz wurde 419 mal gespielt
  • Das Durchschnittsergebnis liegt bei 10 aus 15
Antwortstatistiken
Land Liga Meisterschaften Rekordmeister % Korrekt
Deutschland Bundesliga 33 Bayern München
99%
Spanien La Liga 34 Real Madrid
99%
Italien Serie A 36 Juventus
96%
England Premier League 20 Manchester United
95%
Niederlande Eredivisie 35 Ajax Amsterdam
92%
Frankreich Ligue 1 12 Paris Saint-Germain / PSG
92%
Portugal Liga Portugal 37 Benfica Lissabon
78%
Schottland Scottish Premiership 55 Glasgow Rangers
65%
Belgien Division 1A (Jupiler Pro League) 34 Anderlecht
56%
Türkei Süper Lig 28 Fenerbahce
54%
Polen Ekstraklasa 15 Legia Warschau
54%
Kroatien Super Liga 22 Dinamo Zagreb
47%
Griechenland Super League 47 Olympiakos Piräus
39%
Russland Premjer-Liga 10 Spartak Moskau
28%
Schweiz Super League 27 Grasshopper Club Zürich
5%
Keine übereinstimmenden Quizze gefunden
Verteilung der Resultate
Anzahl Personen mit jedem Resultat
Perzentil nach korrekt beantworteten Fragen
Ihre Resultats-Entwicklung
Sie haben dieses Quiz noch nicht gespielt